000 00813nam a22002537a 4500
001 BR7375595
003 BR-BrBNA
005 20230928084430.0
007 ta
008 230509b bl.||||| |||| 00| 0 por d
040 _aBR-BrBNA
_bpor
_cBiblioteca Nacional de Agricultura
041 _a(Por)
072 _aE10
_b/G514
090 _ E10 BR7375595
110 1 _aSubsecretaria de Planejamento e Orcamento, Brasilia, DF (Brasil). Assessoria de Programacao, Orcamento e Avaliacao
_99982
245 1 _aClassificacao funcional programatica [Programa; Agricultura; Abastecimento; Organizacao agraria; Brasil]
260 3 _aBrasilia, DF (Brasil):
_c1974.
300 _a31 p.
650 _aABASTECIMENTO
650 _aPLANEJAMENTO
650 _aORCAMENTO
909 _a202309
_bLucia
_c55
_dLucia Elande
942 _cBK
999 _c18925
_d18925